Statistics for Türkiye'nin En Kalabalık 50 Şehri

Click here to take the quiz!

General Stats

  • This quiz has been taken 728 times
  • The average score is 26 of 50

Answer Stats

NüfusBölgeŞehir% Correct
15.2 MMarmaraİstanbul
99%
5.1 Mİç AnadoluAnkara
98%
2.9 MEgeİzmir
97%
1.2 MAkdenizAntalya
95%
2.0 MMarmaraBursa
92%
1.76 MAkdenizAdana
91%
1.3 Mİç AnadoluKonya
90%
1.02 MAkdenizMersin
84%
292 KKaradenizTrabzon
82%
586 KGüneydoğu AnadoluŞanlıurfa
80%
1.71 MGüneydoğu AnadoluGaziantep
79%
1.06 MGüneydoğu AnadoluDiyarbakır
77%
361 Kİç AnadoluSivas
74%
779 Kİç AnadoluEskişehir
73%
643 KKaradenizSamsun
72%
514 KDoğu AnadoluVan
71%
312 KMarmaraBalıkesir
70%
559 KAkdenizKahramanmaraş
69%
417 KDoğu AnadoluErzurum
67%
255 KEgeAydın
66%
979 Kİç AnadoluKayseri
66%
643 KEgeDenizli
65%
377 KEgeManisa
60%
485 KDoğu AnadoluMalatya
57%
251 KEgeAfyonkarahisar
54%
258 KEgeKütahya
53%
184 KKaradenizBolu
51%
245 KAkdenizIsparta
47%
267 KKaradenizÇorum
46%
188 KKaradenizDüzce
45%
267 KGüneydoğu AnadoluAdıyaman
44%
226 KEgeUşak
44%
381 KDoğu AnadoluElazığ
42%
452 KGüneydoğu AnadoluBatman
39%
188 Kİç AnadoluKırıkkale
39%
247 Kİç AnadoluAksaray
38%
338 KMarmaraİzmit
38%
247 KAkdenizOsmaniye
38%
544 KMarmaraAdapazarı
21%
748 KMarmaraGebze
19%
362 KAkdenizAntakya
18%
302 KMarmaraÇorlu
9%
186 KAkdenizİskenderun
7%
274 KAkdenizTarsus
6%
233 KMarmaraİnegöl
4%
184 KMarmaraSilivri
4%
245 KMarmaraArnavutköy
2%
192 KGüneydoğu AnadoluKızıltepe
2%
219 KGüneydoğu AnadoluKaraköprü
1%
191 KEgeTorbalı
1%

Score Distribution

Percentile by Number Answered

Percent of People with Each Score

Your Score History

You have not taken this quiz